<?xml version="1.0" encoding="UTF-8"?>
<record
    xmlns:xsi="http://www.w3.org/2001/XMLSchema-instance"
    xsi:schemaLocation="http://www.loc.gov/MARC21/slim http://www.loc.gov/standards/marcxml/schema/MARC21slim.xsd"
    xmlns="http://www.loc.gov/MARC21/slim">

  <leader>00361nam a2200133Ia 4500</leader>
  <controlfield tag="008">151001s9999||||xx |||||||||||||| ||und||</controlfield>
  <datafield tag="100" ind1=" " ind2=" ">
    <subfield code="a">&#x92D;&#x917;&#x935;&#x93E;&#x928;&#x926;&#x947;&#x935;  &#x91A;&#x948;&#x924;&#x928;&#x94D;&#x92F;</subfield>
  </datafield>
  <datafield tag="245" ind1=" " ind2=" ">
    <subfield code="a">&#x92A;&#x930;&#x93F;&#x935;&#x947;&#x936; </subfield>
  </datafield>
  <datafield tag="250" ind1=" " ind2=" ">
    <subfield code="a">1</subfield>
  </datafield>
  <datafield tag="260" ind1=" " ind2=" ">
    <subfield code="b">"&#x928;&#x940;&#x930;&#x91C; &#x92C;&#x941;&#x915; &#x938;&#x947;&#x902;&#x91F;&#x930;,&#x926;&#x93F;&#x932;&#x94D;&#x932;&#x940;"</subfield>
  </datafield>
  <datafield tag="260" ind1=" " ind2=" ">
    <subfield code="c">2010</subfield>
  </datafield>
  <datafield tag="300" ind1=" " ind2=" ">
    <subfield code="a">103</subfield>
  </datafield>
  <datafield tag="365" ind1=" " ind2=" ">
    <subfield code="b">21</subfield>
  </datafield>
  <datafield tag="999" ind1=" " ind2=" ">
    <subfield code="c">999466</subfield>
    <subfield code="d">999463</subfield>
  </datafield>
</record>
